000 00472nam a2200181Ia 4500
001 25163
005 20260414151131.0
008 260414t1972||||xx |||||||||||||| ||spa||
041 _aESP
082 _a346.251
_bV31
100 _aVarela de Limia, Fernando
_eAUT
245 0 _aLa separación convencional de los conyuges y el derecho español
_b
260 _c1972
300 _a198 páginas :
_c20 cm.
650 _aDER
654 _aCDE
942 _cLIB
_dJUS
_fJUS
_2ddc
_n
999 _c25163
_d25163